<?xml version="1.0" encoding="UTF-8"?>
<collection xmlns="http://www.loc.gov/MARC21/slim">
 <record>
  <leader>01299nam a2200289 a 4500</leader>
  <controlfield tag="001">TVCDKTCT22964</controlfield>
  <controlfield tag="003">CT</controlfield>
  <controlfield tag="005">20160310110207.9</controlfield>
  <controlfield tag="008">150204syyyy    vn                       </controlfield>
  <datafield tag="980" ind1="\" ind2="\">
   <subfield code="a">Thư viện Trường CĐ Kỹ Thuật Cao Thắng</subfield>
  </datafield>
  <datafield tag="024" ind1=" " ind2=" ">
   <subfield code="a">RG_1 #1 eb0 i1</subfield>
  </datafield>
  <datafield tag="020" ind1="#" ind2="#">
   <subfield code="c">20.000Đ</subfield>
  </datafield>
  <datafield tag="041" ind1="0" ind2="#">
   <subfield code="a">vie</subfield>
  </datafield>
  <datafield tag="082" ind1="#" ind2="#">
   <subfield code="a">335.43 </subfield>
   <subfield code="b">T123B</subfield>
  </datafield>
  <datafield tag="100" ind1="1" ind2="#">
   <subfield code="a">Phạm Đình Huấn </subfield>
  </datafield>
  <datafield tag="245" ind1="1" ind2="0">
   <subfield code="a">Tập bài giảng Những nguyên lý cơ bản của chủ nghĩa Mác - Lê Nin / </subfield>
   <subfield code="c">Phạm Đình Huấn, Cao Văn Dương, Nguyễn Văn Cương</subfield>
  </datafield>
  <datafield tag="246" ind1="#" ind2="#">
   <subfield code="b">Tài liệu lưu hành nội bộ</subfield>
  </datafield>
  <datafield tag="250" ind1="#" ind2="#">
   <subfield code="a">Lần thứ nhất</subfield>
  </datafield>
  <datafield tag="260" ind1="#" ind2="#">
   <subfield code="a">Tp HCM : </subfield>
   <subfield code="b">Trường Cao đẳng Kỹ thuật Cao thắng, </subfield>
   <subfield code="c">2013</subfield>
  </datafield>
  <datafield tag="300" ind1=" " ind2=" ">
   <subfield code="a">190 tr. ; </subfield>
   <subfield code="c">24 cm</subfield>
  </datafield>
  <datafield tag="520" ind1="#" ind2="#">
   <subfield code="a">Kết cấu tập bài giảng bao gồm 3 phần , 9 chương. Mỗi phần và chương có vị trí vai trò khác nhau nhưng có mối liên hệ  logic và thống nhất với nhau.</subfield>
  </datafield>
  <datafield tag="541" ind1="#" ind2="#">
   <subfield code="a">Mua</subfield>
  </datafield>
  <datafield tag="650" ind1="#" ind2="4">
   <subfield code="a">Mác Lê - Nin</subfield>
  </datafield>
  <datafield tag="650" ind1="#" ind2="4">
   <subfield code="a">Những nguyên lý cơ bản</subfield>
  </datafield>
  <datafield tag="650" ind1="#" ind2="4">
   <subfield code="a">Tập bài giảng</subfield>
  </datafield>
  <datafield tag="722" ind1="#" ind2="#">
   <subfield code="a">Những NLCB của CNMLN</subfield>
  </datafield>
  <datafield tag="841" ind1="#" ind2="#">
   <subfield code="b">Kho Sách </subfield>
   <subfield code="j">100043722, 100043738, 100043758, 100044335, 100044373</subfield>
  </datafield>
 </record>
</collection>
